000 00909nas a2200229 i 4500
005 20260209153307.0
008 260209d su qr|j| |||| 00| 0 ara d
040 _aEG-GICUC
_cEG-GICUC
_dEG-GICUC
_erda
082 0 4 _a343،0531
_221
245 0 2 _aالمجلة العربية للتدريب.
_nالمجلد الخامس - العدد التاسع.
264 0 1 _aالرياض :
_bالمركز العربي للدراسات الأمنية والتدريب،
_c1991 -
300 _aمجلد ؛
_c26 سم.
336 _2rda content
_aText
337 _2rda media
_aunmediated
338 _2rda carrier
_avolume
362 0 _a.
500 _aتعني بإبحاث العدالة الجنائية والعلوم الإجتماعية والشرطية.
650 _aالقانون الجنائي
_vدوريات
856 _uhttps://fll.law.cu.edu.eg/fulltext/cr/S10-00516.pdf
905 _a9
942 _2ddc
_cCR
_n0
999 _c61897
_d61897